| 000 | 00519nam a2200217 454500 | ||
|---|---|---|---|
| 001 | 057505 | ||
| 003 | BD-ChCU | ||
| 008 | Eng | ||
| 020 | _a984 05 1241 2 | ||
| 040 |
_aDLC _cDLC _dBD-ChCU |
||
| 082 | 0 | 0 | _a543.17/M685o |
| 100 | 1 |
_aWavell, Archiball _bx |
|
| 245 | 1 | 0 |
_aThe viceroy's journal _bx |
| 250 | _a187 | ||
| 260 |
_aDhaka _bUniversity Press _c1998 |
||
| 300 | _axvi,528 | ||
| 504 | _aIncludes | ||
| 650 | 0 |
_aWavell, Archibald-Biography _bBiography |
|
| 700 | 1 | _aMoon, Penderel | |
| 942 |
_2ddc _cBK |
||
| 999 |
_c57505 _d57505 |
||